000 00213 a2200109 4500
020 _a9781541509511
041 _aspa
100 _aSchuh, Mari
245 _aLibro de formas de crayola
942 _cBK
952 _71
999 _c22327
_d22327